[Event "CCM1 - Duell der Weltmeister"]
[Site "Mainz"]
[Date "2001.??.??"]
[Round "5"]
[White "Kramnik, Vladimir"]
[Black "Anand, Viswanathan"]
[Result "0-1"]
[WhiteElo "2797"]
[BlackElo "2794"]
[PlyCount "96"]
[EventDate "2001.??.??"]
[EventType "rapid"]
[EventCountry "GER"]
[Source "Mike Rosa"]
[SourceDate "2009.01.01"]

1. d4 d5 2. c4 dxc4 3. Nf3 e6 4. e3 Nf6 5. Bxc4 c5 6. O-O a6 7. Bb3 Nbd7 8. Qe2
b5 9. a4 Bb7 10. axb5 axb5 11. Rxa8 Qxa8 12. Nc3 b4 13. Nb5 Qb8 14. e4 cxd4 15.
Nbxd4 Bd6 16. Bxe6 fxe6 17. Nxe6 h6 18. Nxg7+ Kf7 19. Nf5 Bxe4 20. Nxh6+ Kg7
21. h3 Rxh6 22. Bxh6+ Kxh6 23. Rd1 Bxf3 24. Qxf3 Be5 25. Qe3+ Kg7 26. Qg5+ Kf7
27. Qf5 Nf8 28. b3 Bc3 29. g3 Qe5 30. Qxe5 Bxe5 31. f4 Bc3 32. Kg2 Ne4 33. g4
Nd2 34. f5 Nxb3 35. g5 Nc5 36. Kf3 b3 37. h4 b2 38. h5 Bd2 39. Rb1 Bc1 40. Ke2
Ne4 41. Kd3 Nd2 42. Rxb2 Bxb2 43. Kxd2 Kg7 44. Kd3 Bc1 45. g6 Nd7 46. Ke4 Nf6+
47. Ke5 Nxh5 48. Ke6 Bb2 0-1

[Event "CCM1 - Duell der Weltmeister"]
[Site "Mainz"]
[Date "2001.??.??"]
[Round "9"]
[White "Kramnik, Vladimir"]
[Black "Anand, Viswanathan"]
[Result "1/2-1/2"]
[WhiteElo "2797"]
[BlackElo "2794"]
[PlyCount "51"]
[EventDate "2001.??.??"]
[EventType "rapid"]
[EventCountry "GER"]
[Source "Mike Rosa"]
[SourceDate "2009.01.01"]

1. d4 d5 2. c4 dxc4 3. Nf3 e6 4. e3 Nf6 5. Bxc4 c5 6. O-O a6 7. Bb3 cxd4 8.
exd4 Nc6 9. Nc3 Be7 10. Re1 O-O 11. Bf4 Na5 12. Bc2 b5 13. d5 exd5 14. Qd3 Nc6
15. Bc7 Qd7 16. Ne5 Nxe5 17. Bxe5 g6 18. a4 (18. Bxf6 Bxf6 19. Nxd5 Bg7 20. a4
bxa4 21. Bxa4 Qd8 22. Bc6 {1/2-1/2 Kasparov (2812) - Anand (2784), Wijk aan
Zee 1999}) 18... Bb7 19. axb5 axb5 20. Qxb5 Qxb5 21. Nxb5 Rxa1 22. Rxa1 Rc8 23.
Bd3 Nd7 24. Bc3 Nc5 25. Bf1 Ba6 26. Nd4 1/2-1/2

[Event "CCM4 - Duell der Weltmeister"]
[Site "Mainz"]
[Date "2004.??.??"]
[Round "1"]
[White "Shirov, Alexei"]
[Black "Anand, Viswanathan"]
[Result "1/2-1/2"]
[WhiteElo "2713"]
[BlackElo "2774"]
[PlyCount "81"]
[EventDate "2004.??.??"]
[EventType "rapid"]
[EventCountry "GER"]
[Source "Mike Rosa"]
[SourceDate "2009.01.01"]

1. e4 e6 2. d4 d5 3. Nc3 dxe4 4. Nxe4 Nd7 5. Nf3 Ngf6 6. Nxf6+ Nxf6 7. g3 b6 8.
Bg2 Bb7 9. O-O Be7 10. c4 O-O 11. b3 a5 12. Bb2 a4 13. Qe2 Ra6 14. Rfd1 Re8 15.
Bc3 Ne4 16. Be1 axb3 17. axb3 Rxa1 18. Rxa1 Bf6 19. Rd1 Qa8 20. h4 Nd6 21. g4
g6 22. c5 Nc8 23. Bd2 Ne7 24. b4 Bd5 25. Bg5 Bg7 26. b5 h6 27. Bxe7 Rxe7 28. c6
Re8 29. Ne5 Qd8 30. Nd7 Bxg2 31. Kxg2 f5 32. Kh3 Qe7 33. gxf5 gxf5 34. Rg1 Kh7
35. Qh5 Ra8 36. Qg6+ Kh8 37. Ne5 Bxe5 38. dxe5 Ra3+ 39. Rg3 Rxg3+ 40. fxg3 Qg7
41. Qxe6 1/2-1/2

[Event "CCM4 - Duell der Weltmeister"]
[Site "Mainz"]
[Date "2004.??.??"]
[Round "3"]
[White "Anand, Viswanathan"]
[Black "Shirov, Alexei"]
[Result "1/2-1/2"]
[WhiteElo "2774"]
[BlackElo "2713"]
[PlyCount "90"]
[EventDate "2004.??.??"]
[EventType "rapid"]
[EventCountry "GER"]
[Source "Mike Rosa"]
[SourceDate "2009.01.01"]

1. e4 e5 2. Nf3 Nc6 3. Bb5 a6 4. Ba4 Nf6 5. O-O Be7 6. Re1 b5 7. Bb3 O-O 8. h3
Bb7 9. d3 d6 10. a3 Qd7 11. Nc3 Nd8 12. d4 exd4 13. Nxd4 Re8 14. f3 g6 15. Nde2
Ne6 16. Nf4 Nxf4 17. Bxf4 Bf8 18. Qd2 Bg7 19. Rad1 Qe7 20. Ba2 Rad8 21. b4 Nh5
22. Be3 Be5 23. Ne2 c5 24. c4 cxb4 25. axb4 bxc4 26. Bxc4 Nf6 27. Nf4 Rc8 28.
Rc1 Rc7 29. Bf1 Rec8 30. Rxc7 Qxc7 31. Ne2 d5 32. Rc1 Qb8 33. Rxc8+ Qxc8 34.
Bd4 Qc7 35. Qb2 Qb6 36. Bxb6 Bxb2 37. e5 Bxe5 38. Bd4 Nd7 39. Bxe5 Nxe5 40. Nd4
Kf8 41. Nb3 Nd7 42. Na5 Bc8 43. Nc6 Bb7 44. Na5 Bc8 45. Nc6 Bb7 1/2-1/2

[Event "CCM4 - Duell der Weltmeister"]
[Site "Mainz"]
[Date "2004.??.??"]
[Round "6"]
[White "Anand, Viswanathan"]
[Black "Shirov, Alexei"]
[Result "1-0"]
[WhiteElo "2774"]
[BlackElo "2713"]
[PlyCount "59"]
[EventDate "2004.??.??"]
[EventType "rapid"]
[EventCountry "GER"]
[Source "Mike Rosa"]
[SourceDate "2009.01.01"]

1. e4 e5 2. Nf3 Nc6 3. Bb5 a6 4. Ba4 Nf6 5. O-O Be7 6. Re1 b5 7. Bb3 O-O 8. h3
Bb7 9. d3 d6 10. a3 Qd7 11. Nc3 Nd8 12. d4 exd4 13. Nxd4 Re8 14. Nf5 Bf8 15.
Bg5 Bxe4 16. Nxe4 Rxe4 17. Rxe4 Qxf5 18. Bxf6 Qxe4 19. Bd5 Qf4 20. Bxa8 Qxf6
21. c3 c6 22. Qd4 Qe6 23. Qb6 Qc8 24. Re1 Qd7 25. Qxa6 d5 26. a4 bxa4 27. Qxa4
g6 28. Rd1 Bc5 29. b4 Bb6 30. c4 1-0

[Event "CCM4 - Duell der Weltmeister"]
[Site "Mainz"]
[Date "2004.??.??"]
[Round "7"]
[White "Anand, Viswanathan"]
[Black "Shirov, Alexei"]
[Result "1/2-1/2"]
[WhiteElo "2774"]
[BlackElo "2713"]
[PlyCount "53"]
[EventDate "2004.??.??"]
[EventType "rapid"]
[EventCountry "GER"]
[Source "Mike Rosa"]
[SourceDate "2009.01.01"]

1. e4 e5 2. Nf3 Nc6 3. Bb5 a6 4. Ba4 Nf6 5. O-O Be7 6. Re1 b5 7. Bb3 O-O 8. h3
Bb7 9. d3 d6 10. a3 Qd7 11. Nc3 Nd8 12. d4 exd4 13. Nxd4 Re8 14. Nf5 Ne6 15.
Nxe7+ Rxe7 16. f3 Rd8 17. Bxe6 fxe6 18. e5 dxe5 19. Qxd7 Rdxd7 20. Rxe5 h6 21.
Be3 Nd5 22. Nxd5 Rxd5 23. Rxd5 Bxd5 24. a4 Kf7 25. axb5 axb5 26. Ra7 c6 27.
Rxe7+ 1/2-1/2

[Event "CCM4 - Duell der Weltmeister"]
[Site "Mainz"]
[Date "2004.??.??"]
[Round "8"]
[White "Shirov, Alexei"]
[Black "Anand, Viswanathan"]
[Result "1/2-1/2"]
[WhiteElo "2713"]
[BlackElo "2774"]
[PlyCount "126"]
[EventDate "2004.??.??"]
[EventType "rapid"]
[EventCountry "GER"]
[Source "Mike Rosa"]
[SourceDate "2009.01.01"]

1. e4 e5 2. Nc3 Nc6 3. g3 Bc5 4. Bg2 d6 5. d3 h5 6. h3 a6 7. Be3 Bxe3 8. fxe3
Be6 9. Nf3 Nce7 10. d4 Ng6 11. Qe2 Qe7 12. O-O-O Nf6 13. Ng5 O-O-O 14. Rhf1 h4
15. g4 Kb8 16. Kb1 Rdf8 17. Nf3 Nh7 18. Nd2 Ng5 19. Nb3 Bxb3 20. axb3 c6 21. b4
Qc7 22. b3 Qb6 23. Qc4 f6 24. Kb2 Rc8 25. Ra1 Rhd8 26. Ra4 Rd7 27. Qd3 Rdc7 28.
Rf2 Ne7 29. Rd2 c5 30. dxc5 dxc5 31. b5 Nf7 32. Qc4 Nd6 33. Rxd6 Qxd6 34. bxa6
Rd7 35. Bf1 Rcd8 36. axb7 Rxb7 37. Ra6 Rb6 38. Rxb6+ Qxb6 39. Qf7 Nc6 40. Qxg7
Nb4 41. Bc4 Rd2 42. Qf8+ Rd8 43. Qf7 Rd2 44. Nd5 Rxc2+ 45. Kb1 Qd6 46. Qe8+ Kb7
47. Qb5+ Ka7 48. Qa4+ Kb8 49. Ba6 Nxd5 50. exd5 Rh2 51. Qb5+ Kc7 52. Qb7+ Kd8
53. Qc8+ Ke7 54. Bb5 Kf7 55. Be8+ Kg8 56. Bh5+ Qf8 57. Qe6+ Kg7 58. d6 Qg8 59.
Qe7+ Kh8 60. Qxf6+ Qg7 61. Qd8+ Qg8 62. Qf6+ Qg7 63. Qd8+ Qg8 1/2-1/2

[Event "CCM7 - GrenkeLeasing WCh"]
[Site "Mainz"]
[Date "2007.??.??"]
[Round "1"]
[White "Kasimdzhanov, Rustam"]
[Black "Bacrot, Etienne"]
[Result "0-1"]
[WhiteElo "2683"]
[BlackElo "2695"]
[PlyCount "152"]
[EventDate "2007.??.??"]
[EventType "rapid"]
[EventCountry "GER"]
[Source "Mike Rosa"]
[SourceDate "2009.01.01"]

1. e4 e5 2. Nf3 Nc6 3. Bb5 a6 4. Ba4 Nf6 5. O-O Be7 6. Re1 b5 7. Bb3 O-O 8. h3
Bb7 9. d3 d5 10. exd5 Nxd5 11. Nxe5 Nd4 12. Nc3 Nb4 13. Be3 Nxb3 14. axb3 Bd6
15. Bd2 Re8 16. d4 Qh4 17. Ne2 Qe4 18. Nf4 Qxc2 19. Bxb4 Qxd1 20. Rexd1 Bxb4
21. Nfd3 Bd6 22. Rac1 Bd5 23. Nc5 a5 24. Rd3 f6 25. Ng4 Re2 26. Ne3 Bf7 27. Nb7
Rxb2 28. Nxd6 cxd6 29. d5 a4 30. bxa4 bxa4 31. Ra1 Rb4 32. Nf5 Bg6 33. Ne7+ Kf7
34. Nxg6 hxg6 35. Kf1 g5 36. Ke2 Re8+ 37. Kd1 Ree4 38. Rc1 Red4 39. Rc7+ Kg6
40. Kc2 Rb2+ 41. Kxb2 Rxd3 42. Ra7 Rd2+ 43. Kc3 Rxf2 44. g4 a3 45. Kc4 a2 46.
Kb5 Rc2 47. Kb4 Kh6 48. Kb3 Rc5 49. Rxa2 Rxd5 50. Kc4 Rd1 51. Ra3 Kg6 52. Rf3
Kf7 53. Ra3 g6 54. Ra7+ Ke6 55. Ra8 d5+ 56. Kc5 Rc1+ 57. Kd4 Rc4+ 58. Kd3 Rb4
59. Rh8 Ke5 60. Re8+ Kf4 61. Re6 f5 62. Rxg6 fxg4 63. hxg4 Kxg4 64. Rd6 d4 65.
Rg6 Kf4 66. Rf6+ Kg3 67. Ra6 g4 68. Ke4 Rb8 69. Kxd4 Re8 70. Ra3+ Kf2 71. Ra2+
Re2 72. Ra8 g3 73. Rf8+ Kg1 74. Kd3 Re7 75. Kd2 g2 76. Rg8 Re4 0-1

[Event "CCM7 - GrenkeLeasing WCh"]
[Site "Mainz"]
[Date "2007.??.??"]
[Round "2"]
[White "Bacrot, Etienne"]
[Black "Aronian, Levon"]
[Result "0-1"]
[WhiteElo "2695"]
[BlackElo "2750"]
[PlyCount "94"]
[EventDate "2007.??.??"]
[EventType "rapid"]
[EventCountry "GER"]
[Source "Mike Rosa"]
[SourceDate "2009.01.01"]

1. e4 e5 2. Bc4 Nf6 3. d3 Nc6 4. Nf3 Bc5 5. c3 d6 6. Bb3 a6 7. O-O O-O 8. h3
Ba7 9. Nbd2 Be6 10. Re1 Bxb3 11. Qxb3 Rb8 12. Nf1 Qd7 13. Ng3 Rfe8 14. Bd2 h6
15. Rad1 Qe6 16. Be3 Bxe3 17. Rxe3 Qxb3 18. axb3 d5 19. Ree1 Rbd8 20. Kf1 a5
21. Nh2 h5 22. Nf3 g6 23. h4 Kg7 24. Ra1 dxe4 25. dxe4 Nd7 26. Rad1 Nc5 27. Rd5
b6 28. Red1 Rc8 29. b4 axb4 30. cxb4 Nxb4 31. Rxe5 Nbd3 32. Rg5 Kf8 33. Rb1
Nxe4 34. Nxe4 Rxe4 35. Rd5 Nf4 36. Rd2 Ne6 37. g3 Rd8 38. Rxd8+ Nxd8 39. Ng5
Rb4 40. Rd1 Ke7 41. Rd2 Ne6 42. Nf3 Kf6 43. Ke2 c5 44. Ke3 Rb3+ 45. Ke4 c4 46.
Ne5 Rb4 47. f4 c3+ 0-1

[Event "CCM7 - GrenkeLeasing WCh"]
[Site "Mainz"]
[Date "2007.??.??"]
[Round "2"]
[White "Kasimdzhanov, Rustam"]
[Black "Anand, Viswanathan"]
[Result "1/2-1/2"]
[WhiteElo "2683"]
[BlackElo "2792"]
[PlyCount "125"]
[EventDate "2007.??.??"]
[EventType "rapid"]
[EventCountry "GER"]
[Source "Mike Rosa"]
[SourceDate "2009.01.01"]

1. d4 d5 2. c4 c6 3. Nf3 Nf6 4. Nc3 e6 5. Bg5 h6 6. Bh4 dxc4 7. e4 g5 8. Bg3 b5
9. Ne5 Bg7 10. h4 Nfd7 11. hxg5 hxg5 12. Rxh8+ Bxh8 13. Qh5 Bxe5 14. Bxe5 Nxe5
15. Qh8+ Kd7 16. Qxe5 Bb7 17. O-O-O Kc8 18. Qg7 Qe7 19. e5 Nd7 20. Ne4 Kc7 21.
Nd6 Rf8 22. Be2 a6 23. Bf3 Ba8 24. Qh7 g4 25. Be4 Qg5+ 26. Kb1 Nf6 27. exf6
Kxd6 28. Qh2+ g3 29. fxg3 Qxf6 30. g4+ Kd7 31. Qg3 Bb7 32. Qe3 Rg8 33. Bf3 Qg5
34. Qc3 Kc8 35. b3 Rd8 36. bxc4 bxc4 37. Ka1 Rd7 38. Qxc4 Kd8 39. Qc3 Qf4 40.
Rb1 Kc8 41. Rb4 Qd6 42. Rc4 Kb8 43. Kb1 Ka7 44. Rb4 f6 45. Ka1 e5 46. dxe5 Qxe5
47. Qxe5 fxe5 48. Kb2 a5 49. Re4 Re7 50. g5 Bc8 51. g6 Bf5 52. g7 Rxg7 53. Rxe5
Bd7 54. Rxa5+ Kb6 55. Re5 Bg4 56. Bxg4 Rxg4 57. Re2 c5 58. Kc3 Kb5 59. Kd3 c4+
60. Kc3 Rg3+ 61. Kd4 Rg4+ 62. Kc3 Rg3+ 63. Kd4 1/2-1/2

[Event "CCM7 - GrenkeLeasing WCh"]
[Site "Mainz"]
[Date "2007.??.??"]
[Round "4"]
[White "Bacrot, Etienne"]
[Black "Kasimdzhanov, Rustam"]
[Result "1/2-1/2"]
[WhiteElo "2695"]
[BlackElo "2683"]
[PlyCount "76"]
[EventDate "2007.??.??"]
[EventType "rapid"]
[EventCountry "GER"]
[Source "Mike Rosa"]
[SourceDate "2009.01.01"]

1. d4 d5 2. c4 c6 3. Nf3 Nf6 4. e3 Bg4 5. Nc3 e6 6. h3 Bh5 7. g4 Bg6 8. Ne5
Nfd7 9. Nxg6 hxg6 10. Qe2 Na6 11. Bg2 Be7 12. O-O O-O 13. a3 Nc7 14. b3 a6 15.
e4 dxe4 16. Nxe4 Nf6 17. Nc5 Rb8 18. Be3 Bxc5 19. dxc5 e5 20. Rad1 Qe7 21. b4
Rfe8 22. Rd6 Ne6 23. Qd2 Red8 24. Rd1 Ne8 25. Rd7 Qh4 26. Rxd8 Rxd8 27. Qe2 Nd4
28. Bxd4 exd4 29. Qe5 Qf6 30. Qxf6 gxf6 31. b5 axb5 32. cxb5 Nc7 33. bxc6 bxc6
34. Bxc6 Ne6 35. a4 Nxc5 36. Bb5 d3 37. Rd2 Rd4 38. f3 Nxa4 1/2-1/2

[Event "CCM8 - GrenkeLeasing WCh"]
[Site "Mainz"]
[Date "2008.??.??"]
[Round "7"]
[White "Morozevich, Alexander"]
[Black "Polgar, Judit"]
[Result "1/2-1/2"]
[WhiteElo "2788"]
[BlackElo "2711"]
[PlyCount "122"]
[EventDate "2008.??.??"]
[EventType "rapid"]
[EventCountry "GER"]
[Source "Mike Rosa"]
[SourceDate "2009.01.01"]

1. d4 Nf6 2. Nf3 e6 3. c4 c5 4. d5 d6 5. Nc3 exd5 6. cxd5 g6 7. e4 Bg7 8. h3
O-O 9. Bd3 a6 10. a4 Nbd7 11. O-O b6 12. Re1 Bb7 13. Bf4 Qe7 14. Qb3 Nh5 15.
Bh2 Bh6 16. Rad1 Bf4 17. Bxf4 Nxf4 18. Bf1 g5 19. Ne2 Ne5 20. Nxe5 Qxe5 21. Ng3
b5 22. Qc3 Qxc3 23. bxc3 bxa4 24. Ra1 Rfe8 25. Reb1 Bc8 26. Rxa4 h5 27. f3 h4
28. Ne2 Ng6 29. Rb6 Rd8 30. Nc1 Ne5 31. Nd3 Bd7 32. Ra1 Nc4 33. Rbxa6 Rxa6 34.
Rxa6 Bb5 35. Ra2 Rb8 36. Kf2 Kg7 37. Be2 Rb7 38. Ne1 Kf6 39. Nc2 Ne5 40. Rb2
Ba6 41. Rxb7 Bxb7 42. Ne3 Bc8 43. Bf1 Bd7 44. Ba6 Ke7 45. g3 hxg3+ 46. Kxg3 Kf6
47. Be2 Ng6 48. Ng2 Ke5 49. Bd3 Kf6 50. Bc2 Ke5 51. Ne3 Kf6 52. Nc4 Ke7 53. Bb1
Nf4 54. Kf2 Nxh3+ 55. Ke3 Nf4 56. Bc2 f5 57. Kf2 fxe4 58. Bxe4 Bb5 59. Ne3 Bd7
60. Nc4 Nh5 61. Ne3 Nf4 1/2-1/2